<?xml version="1.0" encoding="UTF-8"?>
<collection xmlns="http://www.loc.gov/MARC21/slim">
 <record>
  <leader>00844nam a22002055a 4500</leader>
  <controlfield tag="001">EEA.libagro010820</controlfield>
  <controlfield tag="005">20180912113044.0</controlfield>
  <controlfield tag="008">130809s1994####ag#a##########000#0#spa#d</controlfield>
  <datafield tag="082" ind1="0" ind2="4">
   <subfield code="a">631.8</subfield>
  </datafield>
  <datafield tag="082" ind1="0" ind2="4">
   <subfield code="a">631.582</subfield>
  </datafield>
  <datafield tag="100" ind1="1" ind2=" ">
   <subfield code="a">Loewy, Tomás.</subfield>
  </datafield>
  <datafield tag="245" ind1="1" ind2="0">
   <subfield code="a">Efecto de pradera mixta y cultivos anuales sobre las propiedades de un Haplustol Entico /</subfield>
   <subfield code="c">T. Loewy y R. L. López.</subfield>
  </datafield>
  <datafield tag="260" ind1=" " ind2=" ">
   <subfield code="b">AACS,</subfield>
   <subfield code="c">1994.</subfield>
  </datafield>
  <datafield tag="300" ind1=" " ind2=" ">
   <subfield code="a">[4] p. :</subfield>
   <subfield code="b">il. ;</subfield>
   <subfield code="c">26 cm.</subfield>
  </datafield>
  <datafield tag="490" ind1="1" ind2=" ">
   <subfield code="a">Ciencia del suelo,</subfield>
   <subfield code="x">0326-3169 ;</subfield>
   <subfield code="v">v. 12 nº 1, pp. 7-10</subfield>
  </datafield>
  <datafield tag="700" ind1="1" ind2=" ">
   <subfield code="a">López, R. L.</subfield>
  </datafield>
  <datafield tag="710" ind1="2" ind2=" ">
   <subfield code="a">Asociación Argentina de la Ciencia del Suelo.</subfield>
  </datafield>
  <datafield tag="773" ind1="0" ind2=" ">
   <subfield code="t">Fertilidad y Fertilizantes. Publicaciones del Ing. Agr. Tomás Loewy.</subfield>
   <subfield code="g">Trabajo nº 19.</subfield>
  </datafield>
  <datafield tag="856" ind1=" " ind2=" ">
   <subfield code="u">https://www.suelos.org.ar/publicaciones/vol%5F12n1/Loewy.pdf</subfield>
   <subfield code="3">Texto completo</subfield>
  </datafield>
  <datafield tag="859" ind1=" " ind2=" ">
   <subfield code="a">AR-BbBCA</subfield>
   <subfield code="b">BIB. AGRONOMIA</subfield>
   <subfield code="h">631.8</subfield>
   <subfield code="i">L827 19</subfield>
   <subfield code="p">1996/2595</subfield>
  </datafield>
 </record>
</collection>
